Evaluation of hygiene monitoring units for meat contact and other surfaces /

Saved in:
Bibliographic Details
Main Author: Brauns, G.
Corporate Authors: Meat Research Corporation (Australia), Australian Meat Technology (Firm)
Format: Book
Language:English
Published: Acacia Ridge, Qld. : Australian Meat Technology, 1995.
Acacia Ridge, Qld. : 1995.
Series:Meat research report (Australian Meat Technology (Firm)) ; no. 2/95.
Meat research report (Australian Meat Technology (Firm)) ; no. 2/95.
Subjects:
LEADER 02536cam a2200601 a 4500
001 c000398842
003 CARM
005 20150225111334.0
008 150225s1995 qea b 000 0 eng d
019 1 |a 12178002  |5 LACONCORD2021 
019 1 |a 12178002 
035 |a (OCoLC)38387909  |5 LACONCORD2021 
040 |a XPPD  |b eng  |c XPPD  |d VVUT 
040 |a XPPD  |c XPPD  |d VVUT 
042 |a anuc 
043 |a u-at--- 
043 |a u-at--- 
082 0 4 |a 363.19  |2 20 
082 0 4 |a 363.19  |2 20 
100 1 |a Brauns, G. 
100 1 |a Brauns, G. 
245 1 0 |a Evaluation of hygiene monitoring units for meat contact and other surfaces /  |c G. Brauns. 
245 1 0 |a Evaluation of hygiene monitoring units for meat contact and other surfaces /  |c G. Brauns. 
260 |a Acacia Ridge, Qld. :  |b Australian Meat Technology,  |c 1995. 
260 |a Acacia Ridge, Qld. :  |b Australian Meat Technology,  |c 1995. 
300 |a 16 p. ;  |c 30 cm. 
300 |a 16 p. ;  |c 30 cm. 
490 1 |a Meat research report ;  |v no. 2/95 
490 0 |a Meat research report ;  |v no. 2/95. 
500 |a At foot of title: This publication was supported by the Meat Research Corporation. 
500 |a "November 1995". 
500 |a At foot of title: This publication was supported by the Meat Research Corporation. 
500 |a "November 1995" 
504 |a Bibliography: p. 16 
504 |a Includes bibliographical references. 
650 0 |a Slaughtering and slaughter-houses  |z Australia  |x Sanitation. 
650 0 |a Slaughtering and slaughter-houses  |z Australia  |x Evaluation. 
650 0 |a Meat  |x Microbiology. 
650 0 |a Meat  |x Health aspects  |v Standards  |z Australia. 
650 0 |a Bioluminescence assay. 
650 0 |a Slaughtering and slaughter-houses  |z Australia  |x Sanitation. 
650 0 |a Slaughtering and slaughter-houses  |z Australia  |x Evaluation. 
710 2 |a Meat Research Corporation (Australia) 
710 2 |a Australian Meat Technology (Firm) 
710 2 |a Australian Meat Technology (Firm) 
710 2 |a Meat Research Corporation (Australia) 
852 8 |b CARM  |p 0611981  |f BK 
852 8 |b SCAN  |h A3:AI21E0  |i F09087  |p 0611981  |f BK 
830 0 |a Meat research report (Australian Meat Technology (Firm)) ;  |v no. 2/95. 
830 0 |a Meat research report (Australian Meat Technology (Firm)) ;  |v no. 2/95. 
999 f f |i baa8570f-9867-5fe3-83ae-1bb5ad4a20ab  |s afb09a7c-4aa3-5cbe-8a72-9ce90a29da70 
952 f f |p Can circulate  |a CAVAL  |b CAVAL  |c CAVAL  |d CARM 1 Store  |i book  |m 0611981 
952 f f |a CAVAL  |b CAVAL  |c CAVAL  |d Unmapped Location  |e F09087  |f A3:AI21E0  |h Other scheme